5HLuxD.jpg

KING HENRY VIII SENIOR AND PRIMARY SCHOOL LIBRARY OPAC

The whispering knights / (Record no. 2773)

000 -LEADER
fixed length control field 01336cam a22003735a 4500
001 - CONTROL NUMBER
control field 18812849
003 - CONTROL NUMBER IDENTIFIER
control field OSt
005 - DATE AND TIME OF LATEST TRANSACTION
control field 20230821082606.0
008 - FIXED-LENGTH DATA ELEMENTS--GENERAL INFORMATION
fixed length control field 151008s2008 enka 000 0 eng d
010 ## - LIBRARY OF CONGRESS CONTROL NUMBER
LC control number 2015374613
020 ## - INTERNATIONAL STANDARD BOOK NUMBER
International Standard Book Number 0194791947
020 ## - INTERNATIONAL STANDARD BOOK NUMBER
International Standard Book Number 9780194791946
035 ## - SYSTEM CONTROL NUMBER
System control number (OCoLC)ocn502093983
040 ## - CATALOGING SOURCE
Original cataloging agency K4J
Language of cataloging eng
Transcribing agency K4J
Modifying agency I5B
-- YDXCP
-- PL#
-- FIC
-- OCLCF
-- OCLCO
-- OCLCQ
-- DLC
-- KH8
042 ## - AUTHENTICATION CODE
Authentication code lccopycat
082 04 - DEWEY DECIMAL CLASSIFICATION NUMBER
Classification number 428.6 WES
100 1# - MAIN ENTRY--PERSONAL NAME
Personal name West, Clare.
245 14 - TITLE STATEMENT
Title The whispering knights /
Statement of responsibility, etc. Penelope Lively ; retold by Clare West ; illustrated by Ernesto Melo.
260 ## - PUBLICATION, DISTRIBUTION, ETC.
Place of publication, distribution, etc. Oxford :
Name of publisher, distributor, etc. Oxford University Press,
Date of publication, distribution, etc. ©2008.
300 ## - PHYSICAL DESCRIPTION
Extent 88 pages :
Other physical details illustrations ;
Dimensions 20 cm.
336 ## - CONTENT TYPE
Content type term text
Content type code txt
Source rdacontent
337 ## - MEDIA TYPE
Media type term unmediated
Media type code n
Source rdamedia
338 ## - CARRIER TYPE
Carrier type term volume
Carrier type code nc
Source rdacarrier
490 1# - SERIES STATEMENT
Series statement Oxford bookworms library. Stage 4, Fantasy & horror
500 ## - GENERAL NOTE
General note "First published by William Heinemann Ltd 1971. First published in Oxford Bookworms 1996"--Title page verso.
650 #0 - SUBJECT ADDED ENTRY--TOPICAL TERM
Topical term or geographic name entry element Readers.
650 #7 - SUBJECT ADDED ENTRY--TOPICAL TERM
Topical term or geographic name entry element Readers.
Source of heading or term fast
Authority record control number or standard number (OCoLC)fst01090554
700 1# - ADDED ENTRY--PERSONAL NAME
Personal name Melo, Ernesto.
700 1# - ADDED ENTRY--PERSONAL NAME
Personal name Lively, Penelope,
Dates associated with a name 1933-
830 #0 - SERIES ADDED ENTRY--UNIFORM TITLE
Uniform title Oxford bookworms library.
Number of part/section of a work Stage 4,
Name of part/section of a work Fantasy & horror.
906 ## - LOCAL DATA ELEMENT F, LDF (RLIN)
a 0
b ibc
c copycat
d 2
e ncip
f 20
g y-gencatlg
942 ## - ADDED ENTRY ELEMENTS (KOHA)
Source of classification or shelving scheme
Koha item type Teaching Resources
Holdings
Withdrawn status Lost status Source of classification or shelving scheme Damaged status Not for loan Collection code Permanent Location Current Location Shelving location Date acquired Total Checkouts Full call number Barcode Date due Date last seen Date last checked out Price effective from Koha item type
          Teaching Resources KH8 Senior School Library KH8 Senior School Library Staff Office 2023-08-21 1 428.6 WES TRKHSL002155 2025-07-04 2024-11-08 2024-11-08 2023-08-21 Teaching Resources

Powered By KH8 IT Dept